000 00530nam a22001937a 4500
003 KOHA_MİRAKIL
005 20251112150952.0
008 251112b tu ||||| |||| 00| 0 tur d
020 _a9786258090123
040 _aTR-AnABB
_btur
_cTR-AnABB
041 _atur
082 _a895.635
_bMUR 2022
100 1 _aMurakami, Haruki,
245 1 0 _aSputnik sevgilim /
_cHaruki Murakami
260 _aİstanbul :
_bDoğan Kitap,
_c2022
300 _a224 sayfa ;
_c20 cm
650 0 4 _aJapon edebiyatı, roman
942 _2ddc
_cBK
999 _c9374
_d9374
900 _bGizem YORULMAZ